000 00364nam a2200145Ia 4500
008 210716s2012 xx 000 0 und d
020 _a9788184002379
041 _aeng
082 _a034.1 ENCY
245 _aKnowledge encyclopaedia.
250 _a1
260 _aNew Delhi
_bRandom House
_c2012
300 _a352
650 _aDictionaries and encyclopedias(403)
999 _c207261
_d207261